000 nam a22 7a 4500
999 _c329331
_d329331
003 Nust
005 20170503113503.0
008 170503b xxu||||| |||| 00| 0 eng d
040 _cDLC
082 _a627.4 SHA
100 _4Shagufta, Dr. Chandrawati Jee
245 _aWatershed Management
942 _2ddc
_cBK